|
|
|
|
| LEADER |
01026nam a2200337 4500 |
| 001 |
DLU090095227 |
| 005 |
##20091201 |
| 040 |
# |
# |
|a DLU
|b eng
|
| 041 |
# |
# |
|a eng
|
| 044 |
# |
# |
|a us
|
| 100 |
# |
# |
|a Zhang, Li.
|
| 245 |
# |
# |
|a Kinetics of haloacetic acid reactions with Fe(0) /
|c Li Zhang, William A. Arnold, Raymond M. Hozalski.
|
| 653 |
# |
# |
|a Chemical degradation
|
| 653 |
# |
# |
|a Lumped parameter system
|
| 653 |
# |
# |
|a Mass transfer coefficient
|
| 653 |
# |
# |
|a Numerical simulation
|
| 653 |
# |
# |
|a Oxygen effect
|
| 653 |
# |
# |
|a Water pollution
|
| 653 |
# |
# |
|a Zerovalent metals
|
| 700 |
# |
# |
|a Arnold, William A.
|
| 700 |
# |
# |
|a Hozalski, Raymond M.
|
| 773 |
# |
# |
|t Environmental Science & Technology
|g Vol. 38, no. 24 (December 2004), p. 6881-6889
|
| 920 |
# |
# |
|a Phòng Tạp chí -- Trung tâm Thông tin - Thư viện Trường Đại học Đà Lạt
|
| 994 |
# |
# |
|a DLU
|
| 900 |
# |
# |
|a True
|
| 911 |
# |
# |
|a Trương Bảo Trâm Anh
|
| 925 |
# |
# |
|a G
|
| 926 |
# |
# |
|a A
|
| 927 |
# |
# |
|a BB
|
| 980 |
# |
# |
|a Thư viện Trường Đại học Đà Lạt
|